00000000cam 2200000zi 4500
0019.957946
003CaOODSP
00520260603141230
006m     o  d f      
007cr mn|||||||||
008251203t20252025oncd    ob   f000 0 eng d
020 |a9780660975573
040 |aCaOODSP|beng|erda|cCaOODSP
043 |an-cn---
0861 |aBT22-293/2025E-PDF
24500|aGovernment of Canada guideline on vulnerability management.
264 1|aOttawa, Ontario : |bTreasury Board of Canada Secretariat = Secrétariat du Conseil du trésor du Canada, |c2025.
264 4|c©2025
300 |a1 online resource (43 pages) : |bgraph
336 |atext|btxt|2rdacontent
337 |acomputer|bc|2rdamedia
338 |aonline resource|bcr|2rdacarrier
500 |aIssued also in French under title: Lignes directrices sur la gestion des vulnérabilités du gouvernement du Canada.
500 |a"Published: 2025-11-17."
504 |aIncludes bibliographical references (page 41).
650 0|aComputer security|xGovernment policy|zCanada.
7101 |aCanada. |bTreasury Board, |eissuing body.
77508|tLignes directrices sur la gestion des vulnérabilités du gouvernement du Canada.|w(CaOODSP)9.957947
85640|qPDF|s1.12 MB|uhttps://publications.gc.ca/collections/collection_2026/sct-tbs/BT22-293-2025-eng.pdf
8564 |qHTML|sN/A|uhttps://www.canada.ca/en/government/system/digital-government/online-security-privacy/cyber-security-guidance-policy/guideline-vulnerability-management.html